Online Catalogue and eLibrary

Needs of a Pre-School Child (Record no. 1537)

MARC details
000 -LEADER
fixed length control field 00434nam a2200181Ia 4500
005 - DATE AND TIME OF LATEST TRANSACTION
control field 20250106055101.0
008 - FIXED-LENGTH DATA ELEMENTS--GENERAL INFORMATION
fixed length control field 240331s9999 xx 000 0 und d
082 ## - DDC Classification
Item Number - Author Mark NEE
DDC Edition Number 1005
Class No. 305.23
100 ## - MAIN ENTRY--PERSONAL NAME
Personal name Marga. ed
245 #0 - TITLE STATEMENT
Title Needs of a Pre-School Child
260 ## - PUBLICATION, DISTRIBUTION, ETC.
Place of publication, distribution, etc. Colombo
Name of publisher, distributor, etc. Marga
Date of publication, distribution, etc. 1990
300 ## - PHYSICAL DESCRIPTION
Extent (e.g. Volumes, Pages etc.) xii, 164 p.,
650 ## - SUBJECT ADDED ENTRY--TOPICAL TERM
Topical term or geographic name entry element Child
650 ## - SUBJECT ADDED ENTRY--TOPICAL TERM
Topical term or geographic name entry element Mental Health
650 ## - SUBJECT ADDED ENTRY--TOPICAL TERM
Topical term or geographic name entry element Health
700 ## - ADDED ENTRY--PERSONAL NAME
Personal name Gunatilleke, G
Relator term (Role) Editor
942 ## - Koha item type (Biblio)
Koha item type Books in Stacks (Lending)
Holdings
Lost status Damaged status Collection code Home library Current library Shelving location Date acquired Full call number Accession Number Item type
    Lending WERC Library WERC Library Social Science Cupboard 03/31/2024 305.23 NEE 1005 Books in Stacks (Lending)

© WERC Library